000
00304nam a22001337a 4500
008
260327b ||||| |||| 00| 0 eng d
020
_a
9951050107
041
_a
Shqip
080
_a
821.18
100
_a
32
101
_a
Konference
245
_a
Konferenca e Rambujesë
_c
Edita Tahiri
942
_2
udc
_c
BK
999
_c
60946
_d
60946